Sports Quiz

Random Sports or Baseball Quiz
Score 0/20 Timer 05:00
0 Plays Today
Rank Name % Correct
1.Ted Williams
98.9%
6.David Ortiz
98.1%
5.Manny Ramirez
95.7%
3.Jim Rice
91%
2.Carl Yastrzemski
87.7%
4.Dwight Evans
77.9%
12.Jason Varitek
77.1%
14. (tie)Carlton Fisk
75.9%
11.Nomar Garciaparra
74.2%
7.Mo Vaughn
70.2%
Rank Name % Correct
9.Jimmie Foxx
63.9%
8.Bobby Doerr
57.4%
20.Mike Greenwell
49.5%
18.Trot Nixon
48.4%
10.Rico Petrocelli
45.1%
14. (tie)Tony Conigliaro
40.2%
16.George Scott
38.4%
17.Reggie Smith
33.6%
13.Jackie Jensen
25.7%
19.Frank Malzone
17.9%
Remove Ads.
Support Sporcle.
Get the best of Sporcle when you Go Orange. This ad-free experience offers more features, more stats, and more fun while also helping to support Sporcle. Thank you for becoming a member.

You're not logged in!

Compare scores with friends on all Sporcle quizzes.
OR
Log In

Show Comments

Extras

Top Quizzes Today


Score Distribution

Your Account Isn't Verified!

In order to create a playlist on Sporcle, you need to verify the email address you used during registration. Go to your Sporcle Settings to finish the process.

Report this User

Report this user for behavior that violates our Community Guidelines.

Details: